| 000 | 01039cam a2200289 a 4500 | ||
|---|---|---|---|
| 003 | CO-ViMGA | ||
| 005 | 20230915233132.0 | ||
| 008 | 040703s2004 ck a r 00010dspa d | ||
| 020 | _a9588160693 | ||
| 040 |
_aCO-ViMGA _bspa _cCO-ViMGA |
||
| 082 | 0 | 4 |
_a133.3 _bE13n |
| 100 | 1 | 0 |
_aEcheverri Uruburu, Gonzalo _920617 |
| 245 | 1 | 0 |
_aNostradamus y la guerra Islam-Occidente _cGonzalo Echeverri Uruburu ; investigacion grafica Juan David Giraldo ; editor Benjamn̕ Villegas |
| 250 | _a1a. ed. | ||
| 260 |
_aBogot _bVillegas Editores _c2004 |
||
| 300 |
_a333 pg̀inas _bilustraciones _c21 cm. |
||
| 490 | _aColeccion dorada. Interes general | ||
| 490 | _aVillegas parapsicologia | ||
| 500 | _aDonacin̤ Villegas Editores | ||
| 504 | _aIncluye bibliografa̕ | ||
| 600 | 1 | 4 |
_aNotredame, Michel de _d1503-1566 _xProfecias _921583 |
| 650 | 1 | 4 |
_aPredicciones _2LEMB _920620 |
| 650 | 1 | 4 |
_aProfeca̕s _2LEMB _920619 |
| 700 | 1 | 0 |
_aGiraldo, Juan David. _920621 |
| 700 | 1 | 0 |
_aVillegas, Benjamn̕ _d1948- _eeditor _919960 |
| 942 |
_2ddc _cBK |
||
| 999 |
_c35521 _d35521 |
||